Cross-border investment (Record no. 81034)

MARC details
000 -LEADER
fixed length control field 00914cab a22001935a 4500
001 - CONTROL NUMBER
control field L146123
008 - FIXED-LENGTH DATA ELEMENTS--GENERAL INFORMATION
fixed length control field 081211s2008 xxkad f s 000 0 eng d
035 ## - SYSTEM CONTROL NUMBER
System control number (Sirsi) u146123
041 0# - LANGUAGE CODE
Language code of text/sound track or separate title eng
110 2# - MAIN ENTRY--CORPORATE NAME
Corporate name or jurisdiction name as entry element AsiaProperty
9 (RLIN) 5571
245 00 - TITLE STATEMENT
Title Cross-border investment
260 ## - PUBLICATION, DISTRIBUTION, ETC.
Date of publication, distribution, etc. 2008
490 #0 - SERIES STATEMENT
Series statement Asia Property
Volume/sequential designation November 2008, 25-30(2)
520 ## - SUMMARY, ETC.
Summary, etc. Explains that cash-rich private equity investors, especially Gulf state sovereign wealth funds, continue to drive cross-border investment deals in Asia. Argues that large developers in Hong Kong and Singapore are strong enough to sit out a market downturn before resuming their expansion plans in China and Vietnam. However, with values still falling and investors in no hurry to spend, predicts that large deals will be scarce in 2009.
590 ## - LOCAL NOTE (RLIN)
Local note KA
651 #4 - SUBJECT ADDED ENTRY--GEOGRAPHIC NAME
Geographic name Asia
690 ## - LOCAL SUBJECT ADDED ENTRY--TOPICAL TERM (OCLC, RLIN)
Topical term or geographic name as entry element PROPERTY-COMMERCIAL PROPERTY-COMMERCIAL PROPERTY MARKET
942 ## - ADDED ENTRY ELEMENTS (KOHA)
Suppress in OPAC 0
Holdings
Withdrawn status Lost status Source of classification or shelving scheme Damaged status Not for loan Home library Current library Shelving location Date acquired Total Checkouts Full call number Barcode Date last seen Copy number Price effective from Koha item type
    Dewey Decimal Classification     London London Journal article 11/12/2008   L146123 146123-1001 06/08/2019 1 06/08/2019 Journal article